Foundations of Living (Record no. 602380)

MARC details
000 -LEADER
fixed length control field 00362nam a2200145Ia 4500
008 - FIXED-LENGTH DATA ELEMENTS--GENERAL INFORMATION
fixed length control field 100415s9999 xx 000 0 und d
082 ## - DEWEY DECIMAL CLASSIFICATION NUMBER
Item number 19483
Classification number 333.707
100 ## - MAIN ENTRY--PERSONAL NAME
Personal name SYKES MARJORIE
245 ## - TITLE STATEMENT
Title Foundations of Living
260 ## - PUBLICATION, DISTRIBUTION, ETC. (IMPRINT)
Place of publication, distribution, etc PUNE
Date of publication, distribution, etc 1988
Name of publisher, distributor, etc PARISAR
365 ## - TRADE PRICE
Price amount 15
630 ## - SUBJECT ADDED ENTRY--UNIFORM TITLE
Uniform title Foundations of Living
730 ## - ADDED ENTRY--UNIFORM TITLE
Uniform title Foundations of Living
942 ## - ADDED ENTRY ELEMENTS (KOHA)
Koha item type Book
Holdings
Withdrawn status Lost status Damaged status Not for loan Home library Current library Date acquired Cost, normal purchase price Total Checkouts Full call number Barcode Date last seen Price effective from Koha item type
        Bombay Natural History Society Bombay Natural History Society 12/18/2001 15.00   333.707 19483 BNHS-19483 04/15/2010 04/15/2010 Book